Handbook of multiphase systems
Αποθηκεύτηκε σε:
| Άλλοι συγγραφείς: | |
|---|---|
| Μορφή: | Βιβλίο |
| Γλώσσα: | English |
| Δημοσίευση: |
Washington; New York :
Hemisphere,
c1982
|
| Θέματα: | |
| Ετικέτες: |
Προσθήκη ετικέτας
Δεν υπάρχουν, Καταχωρήστε ετικέτα πρώτοι!
|
MARC
| LEADER | 00000nam a2200000 i 4500 | ||
|---|---|---|---|
| 001 | 1/65148 | ||
| 008 | 931006s eng d | ||
| 020 | |a 0-07-028460-1 | ||
| 035 | |a ΛΕΣΒΟΣb10001506 |l 10001506 | ||
| 040 | |a GR-MY-UA |b gre |e aacr | ||
| 041 | 0 | |a eng | |
| 082 | 0 | |a 532.05 | |
| 245 | 1 | 0 | |a Handbook of multiphase systems / |c Edited by Gad Hetsroni |
| 260 | |a Washington; New York : |b Hemisphere, |c c1982 | ||
| 300 | |a 170 p. | ||
| 504 | |a Includes bibliographical references and index | ||
| 650 | 0 | 0 | |a Multiphase flow |x Handbooks, manuals, etc. |
| 700 | 1 | |a Hetsroni, Gad. |4 edt | |
| 852 | |a INST |b LESVOS |e 19931006 |h 532.05 HAN |p 005100006040 |q 005100006040 |t BK |y 0 | ||
| 909 | |a Λ |b 022753 | ||